000
00274nam a22001217a 4500
008
171004b xxu||||| |||| 00| 0 eng d
041
_a
eng
080
_2
4 ED
_a
159.9
100
_a
48
101
_a
PSI
245
_a
CHILD ABUSE AND NEGLECT
_c
TOWER.C.C
942
_2
udc
_c
BK
999
_c
31747
_d
31747